007350000a22002890004500500002800000650001600028650001200044650002400056650001900080650001600099650002300115651001000138650001100148650001200159650001200171650002200183082001900205518001100224530000900235100002300244245006100267260002100328502005800349260000900407041000800416300002100424 aBibliography at the end aNationalism aHistory aHistorical research aSocial history aPoliticians aMilitary personnel aNepal aMartyr aGurkhas aBravery aNepalese politics a355.1bOn8pcD a991222 aThes aOnta, Pratyoush R. aThe politics of bravery: a history of Nepali nationalism aPennsylvania, GW aThesisbPh. D. in History, University of Pennsylvania c1996 aEng axv, 374p.billus